000 00293nam a2200133Ia 4500
100 _aOtto/ C.A.
650 _aElectrical Engineering
942 _cBK
654 _aElectric Furnaees
245 _aElectric Furnaees
260 _bGery Newmun
_aLondon
_c1958
546 _aENGLISH
999 _c30425
_d30425